| 000 | 00399nam a2200169Ia 4500 | ||
|---|---|---|---|
| 008 | 230524s9999 xx 000 0 und d | ||
| 020 | _a81219149932 | ||
| 082 |
_a658.4 _bGUP |
||
| 100 | _aA.K.Gupta | ||
| 245 | 0 | _aManagement Information System | |
| 250 | _a3RD | ||
| 260 |
_aNEW DELHI _bS.Chand _c2010 |
||
| 300 | _aVII;362 | ||
| 500 | _aQuantity Number: 2 | ||
| 650 | _aComp-Sc | ||
| 942 | _cBK | ||
| 999 |
_c46709 _d46709 |
||